000 00825nam a2200229Ii 4500
003 JO-AjNU
008 230605s9999||||xx |||||||||||||| ||und||
017 _a1997/8316
020 _a97701-5301-3
040 _aJO-AjNU
_bara
_erda
_cJO-AjNU
041 _aara
050 1 4 _aDS36.8.O4412 1997
100 3 _aتاليف أوليرى، يلاسى؛ ترجمة تمام حسان؛ مراجعة محمد مصطفى حلمي,
_eauthor
_915330
245 0 0 _aالفكر العربي ومكانه في التاريخ
250 _aط2
264 3 1 _aالقاهرة: الهيئة المصرية العامة للكتاب، 1997
300 _a203ص
336 _atext
_btxt
_2rdacontent
337 _aunmediated
_bn
_2rdamedia
338 _avolume
_bnc
_2rdacarrier
650 4 _aحضارة اسلامية - عرب - تاريخ
_915331
999 _aA4303
_c7871
_d7871